Chefs lieux sans O - Statistiques

Statistiques générales
  • Ce quiz a été pris 16 fois
  • Le résultat moyen est 42 sur 53
Statistiques - réponses
Réponse % Correct
Lille
100%
Marseille
100%
Paris
100%
Perpignan
100%
Quimper
100%
Rennes
100%
Annecy
93%
Caen
93%
Nantes
93%
Nice
93%
Saint-Brieuc
93%
Albi
86%
Angers
86%
Beauvais
86%
Gap
86%
Laval
86%
Le Mans
86%
Metz
86%
Nancy
86%
Nîmes
86%
Saint-Denis
86%
Versailles
86%
Amiens
79%
Arras
79%
Bar-le-Duc
79%
Cayenne
79%
Chambéry
79%
Charleville-Mézières
79%
Épinal
79%
Nanterre
79%
Nevers
79%
Pau
79%
Saint-Étienne
79%
Vannes
79%
Agen
71%
Bastia
71%
Chartres
71%
Digne-les-Bains
71%
Évreux
71%
Guéret
71%
Mende
71%
Périgueux
71%
Privas
71%
Tarbes
71%
Tulle
71%
Valence
71%
Aurillac
64%
Auxerre
64%
Basse-Terre
64%
Melun
64%
Auch
57%
Créteil
57%
Le Puy-en-Velay
57%
Aucun quiz correspondant
Distribution des résultats
% des personnes avec chaque résultat
Percentile par nombre de réponses
Votre historique - résultats
Vous n’avez pas pris ce quiz